| 000 | 01340nam a2200361 c 4500 | ||
|---|---|---|---|
| 003 | BLK | ||
| 005 | 20180422094049.0 | ||
| 008 | 180412b bul|||||r ||||||| ||bul|| | ||
| 010 | _aKNG00010906000 | ||
| 020 |
_a954-427-220-8 _bиздат.: Абагар |
||
| 040 | _aBLK | ||
| 041 |
_aBUL _cBUL |
||
| 080 |
_aКласически митологии. Религии на Древна Гърция и Рим, етруска религия. Подразделя се като 291 _b292 _x(37) _z292(37) |
||
| 100 | 1 |
_aГарднър, Джейн _eпърви автор _9254519 |
|
| 700 | 1 |
_aТерзиева, Росица _eпрев. _9363458 |
|
| 139 |
_aГарднър, Джейн _bГ 23 |
||
| 245 | 1 | 0 |
_aРимски митове _cДжейн Гарднър; прев. Росица Терзиева. |
| 257 | _aGBR | ||
| 260 |
_аВ. Търново _bАбагар _c1995 |
||
| 300 |
_a104 с. _bс ил. _c24 см |
||
| 380 | _a2 | ||
| 500 | _aБез сведение за ориг. загл. - 2 500 тир. | ||
| 650 | 4 |
_aМитове - Древен Рим _9254520 |
|
| 650 | 4 |
_aЛегенди - Древен Рим _9254521 |
|
| 651 | 4 |
_aДревен Рим _9254522 |
|
| 653 | _aмитове | ||
| 653 | _aлегенди | ||
| 852 | _aЦб 185693 | ||
| 856 | 4 |
_qpdf _u |
|
| 856 | 4 |
_qpdf _u |
|
| 942 |
_cKNG _n0 |
||
| 944 |
_aCR _c15.01.2003 _kAB_DOS |
||
| 944 |
_aED _c15.01.2003 _k |
||
| 999 |
_c9484 _d9484 |
||